MARC details
| 000 -LEADER |
| fixed length control field |
02249cab a2200301 4500 |
| 001 - CONTROL NUMBER |
| control field |
L130297 |
| 008 - FIXED-LENGTH DATA ELEMENTS--GENERAL INFORMATION |
| fixed length control field |
050713n2005 000 0 eng u |
| 035 ## - SYSTEM CONTROL NUMBER |
| System control number |
(Sirsi) u130297 |
| 041 ## - LANGUAGE CODE |
| Language code of text/sound track or separate title |
eng |
| 245 ## - TITLE STATEMENT |
| Title |
Alfred McAlpine Capital Projects Limited v Tilebox Limited |
| 260 ## - PUBLICATION, DISTRIBUTION, ETC. |
| Date of publication, distribution, etc. |
2005 |
| 490 ## - SERIES STATEMENT |
| Series statement |
Building Law Reports |
| Volume/sequential designation |
[2005] BLR 271-286(16) |
| 520 ## - SUMMARY, ETC. |
| Summary, etc. |
[2005] EWHC 281 (TCC), 25 February 2005. Considered an application by McAlpine (M) for a declaration that a clause for liquidated damages between M and the respondent (T) and the issue for whether a clause was a penalty clause. A development company T had acquired the leasehold of a property in Guildford and appointed M as the main contractor. The contract contained a liquidated and ascertained damages clause that provided for payment by M to T at a specified rate for any delay on the project. T also entered into a development funding agreement with a third party whereby the third party funded the development in return for a long lease on the building. Work was severely delayed and M applied to have the damages clause declared a penalty clause and unenforceable. "Held": application was refused. Pre-estimated damages did not have to be right to be acceptable nor did the test for whether a clause was a penalty clause turn on the honesty or genuine nature of a party as the test was primarily an objective one. |
| 590 ## - LOCAL NOTE (RLIN) |
| Local note |
IKA190705 |
| 650 ## - SUBJECT ADDED ENTRY--TOPICAL TERM |
| Topical term or geographic name entry element |
MCALPINE V TILEBOX |
| 650 ## - SUBJECT ADDED ENTRY--TOPICAL TERM |
| Topical term or geographic name entry element |
ARISTON SRL V CHARLY RECORDS LTD |
| 650 ## - SUBJECT ADDED ENTRY--TOPICAL TERM |
| Topical term or geographic name entry element |
CAMPBELL DISCOUNT CO LTD V BRIDGE |
| 650 ## - SUBJECT ADDED ENTRY--TOPICAL TERM |
| Topical term or geographic name entry element |
CLYDEBANK ENGINEERING AND SHIPBUILDING CO LTD V DON JOSE RAMOS YZQUIERDO Y CASTANADA |
| 650 ## - SUBJECT ADDED ENTRY--TOPICAL TERM |
| Topical term or geographic name entry element |
COMMISSIONER OF PUBLIC WORKS V HILLS |
| 650 ## - SUBJECT ADDED ENTRY--TOPICAL TERM |
| Topical term or geographic name entry element |
DUNLOP PNEUMATIC TYRE CO LTD V NEW GARAGE AND MOTOR CO LTD |
| 650 ## - SUBJECT ADDED ENTRY--TOPICAL TERM |
| Topical term or geographic name entry element |
LAW V REDDITCH LOCAL BOARD |
| 650 ## - SUBJECT ADDED ENTRY--TOPICAL TERM |
| Topical term or geographic name entry element |
PHILIPS HONG KONG LTD V ATTORNEY GENERAL OF HONG KONG |
| 650 ## - SUBJECT ADDED ENTRY--TOPICAL TERM |
| Topical term or geographic name entry element |
ROBOPHONE FACILITIES LTD V BLANK |
| 650 ## - SUBJECT ADDED ENTRY--TOPICAL TERM |
| Topical term or geographic name entry element |
WORKERS TRUST AND MERCHANT BANK LTD V DOJAP INVESTMENTS LTD |
| 690 ## - LOCAL SUBJECT ADDED ENTRY--TOPICAL TERM (OCLC, RLIN) |
| Topical term or geographic name as entry element |
BUILT ENVIRONMENT-BUILDING CONTRACT FORMS |
| 856 ## - ELECTRONIC LOCATION AND ACCESS |
| Uniform Resource Identifier |
<a href="https://www.bailii.org/cgi-bin/markup.cgi?doc=/ew/cases/EWHC/TCC/2005/281.html&query=tilebox&method=all">https://www.bailii.org/cgi-bin/markup.cgi?doc=/ew/cases/EWHC/TCC/2005/281.html&query=tilebox&method=all</a> |
| Public note |
View the item free of charge at www.bailii.org... |
| 942 ## - ADDED ENTRY ELEMENTS (KOHA) |
| Suppress in OPAC |
0 |